00710 2200217 4500001002100000005001700021008004100038035002400079041000800103043001500111082001100126090002000137100004100157245011800198250001100316260007800327300002500405650003500430850001200465990001500477YOGYA-0209000004175420090227025814.0 ind  0010-020900000041754 aInd aYOPDYOG(B) a342.02 aR 342.02bInd B aINDONESIA. Departemen Pekerjaan Umum aBuku pegangan peraturan perundang-undangan Departemen PUbtahap kelima tahun 1982-1983cDepartemen Pekerjaan Umum aCet. 1 aJakartabDepartemen Pekerjaan Umum. Sekretariat Jenderal Biro Hukumc1984 a539 hlmbilusc21 cm aIndonesia - Perundang-undangan aYOPDYOG a07A0022914